| 000 | 02801nas a2200409 a 4500 | ||
|---|---|---|---|
| 001 | 47970 | ||
| 003 | DO-SdBNP | ||
| 005 | 20250606121936.0 | ||
| 007 | ta | ||
| 008 | 210524e2017 dr f||||r||||||0| | spa d | ||
| 022 | _a2636-2139 (impreso) | ||
| 022 | _a2636-2147 (electrónico) | ||
| 040 |
_cBIBLIOTECA UNIBE _aBIBLIOTECA UNIBE _bspa _dDO-SdBNP _erda |
||
| 041 | _aspa | ||
| 245 | 0 | 0 | _aRevista caribeña de investigación educativa (RECIE) |
| 246 | 3 | _aRECIE | |
| 247 |
_aRevista del Salomé : _brevista dominicana de educación (primera época) |
||
| 264 |
_aSanto Domingo, República Dominicana : _bInstituto Superior de Formación Docente Salomé Ureña (ISFODOSU). Vicerrectoría de Investigación y Postgrado, _c2017. |
||
| 300 |
_avolúmenes : _bilustraciones, gráficas, tablas ; _c28 x 22 cm. |
||
| 310 | _aSemestral. | ||
| 336 |
_atexto _btxt _2rdacontent |
||
| 337 |
_asin mediación _bn _2rdamedia |
||
| 338 |
_avolumen _bnc _2rdacarrier |
||
| 362 | _aVolumen 1, número 1 (julio-diciembre 2017) - volumen 2, número 1 (enero-junio 2018) - volumen 3, número 1 (enero-junio 2019) - volumen 8, número 1 (enero-junio 2024) | ||
| 520 | 3 |
_a La Revista Caribeña de Investigación Educativa publica artículos académicos sobre formación docente, diseño curricular, diagnóstico educativo, políticas educativas nacionales e internacionales, procesos efectivos de enseñanza y aprendizaje en entornos de vulnerabilidad. Pretende contribuir al desarrollo de las teorías y de las soluciones a problemas educativos de la región caribeña y de otros espacios geográficos. Investigadores y profesionales de la educación tienen a su disposición esta herramienta para dar a conocer sus trabajos de investigación educativa. _uhttps://revistas.isfodosu.edu.do/index.php/recie |
|
| 650 | 7 |
_aEducación _xInvestigaciones _97695 _2lemb _vPublicaciones periódicas _zRepública Dominicana |
|
| 650 | 7 |
_aEducación superior _xInvestigaciones _99879 _2lemb _vPublicaciones periódicas _zRepública Dominicana |
|
| 650 | 7 |
_aFormación profesional de maestros _92217 _2lemb _vPublicaciones periódicas _zRepública Dominicana |
|
| 650 | 7 |
_aDesarrollo curricular _92284 _2lemb _vPublicaciones periódicas _zRepública Dominicana |
|
| 650 | 7 |
_aCapacitación docente _92385 _2lemb _vPublicaciones periódicas _zRepública Dominicana |
|
| 650 | 0 |
_aIdentidad nacional _vPublicaciones periódicas _zRepública Dominicana _92163 |
|
| 650 | 7 |
_aPrácticas de la enseñanza _92216 _2lemb _vPublicaciones periódicas _zRepública Dominicana |
|
| 655 | 7 |
_2lemb _aPublicaciones periódicas _9155895 |
|
| 710 | 2 |
_aInstituto Superior de Formación Docente Salomé Ureña (ISFODOSU) _eautor _960873 |
|
| 856 |
_qPDF _uhttps://revistas.isfodosu.edu.do/index.php/recie _yVersión electrónica de la revista |
||
| 942 |
_2ddc _cISSUE |
||
| 999 |
_c58105 _d58105 |
||